MARC details
| 000 -LEADER |
| fixed length control field |
01109nam a22003017a 4500 |
| 003 - CONTROL NUMBER IDENTIFIER |
| control field |
OSt |
| 005 - DATE AND TIME OF LATEST TRANSACTION |
| control field |
20260406155331.0 |
| 008 - FIXED-LENGTH DATA ELEMENTS--GENERAL INFORMATION |
| fixed length control field |
260406b |||||||| |||| 00| 0 eng d |
| 020 ## - INTERNATIONAL STANDARD BOOK NUMBER |
| International Standard Book Number |
9780716626374 |
| 040 ## - CATALOGING SOURCE |
| Transcribing agency |
HS LRC |
| 050 ## - LIBRARY OF CONGRESS CALL NUMBER |
| Classification number |
BL 900 |
| Item number |
.L581bi 2016 |
| 100 ## - MAIN ENTRY--PERSONAL NAME |
| Personal name |
Leonard, Scott A. |
| 9 (RLIN) |
131548 |
| 245 ## - TITLE STATEMENT |
| Title |
Myths and legends of ancient Britain and Ireland / |
| Statement of responsibility, etc. |
Scott A. Leonard |
| 260 ## - PUBLICATION, DISTRIBUTION, ETC. (IMPRINT) |
| Place of publication, distribution, etc. |
Chicago, Illinois : |
| Name of publisher, distributor, etc. |
World Book, |
| Date of publication, distribution, etc. |
c2016. |
| 265 ## - SOURCE FOR ACQUISITION/SUBSCRIPTION ADDRESS [OBSOLETE] |
| Source for acquisition/subscription address |
Phoenix Educational Systems, Inc. |
| 300 ## - PHYSICAL DESCRIPTION |
| Extent |
64 pages : |
| Other physical details |
color illustrations ; |
| Dimensions |
26 cm. |
| 365 ## - TRADE PRICE |
| Price amount |
1,667.00 |
| 440 ## - SERIES STATEMENT/ADDED ENTRY--TITLE |
| Title |
Famous Myths and Legends of the World |
| 9 (RLIN) |
24871 |
| 504 ## - BIBLIOGRAPHY, ETC. NOTE |
| Bibliography, etc |
Includes glossary, references and index. |
| 650 ## - SUBJECT ADDED ENTRY--TOPICAL TERM |
| Topical term or geographic name as entry element |
Mythology, Celtic |
| General subdivision |
Juvenile literature |
| 9 (RLIN) |
131117 |
| 650 ## - SUBJECT ADDED ENTRY--TOPICAL TERM |
| Topical term or geographic name as entry element |
Celts |
| General subdivision |
Folklore |
| Chronological subdivision |
Juvenile literature |
| 9 (RLIN) |
131576 |
| 650 ## - SUBJECT ADDED ENTRY--TOPICAL TERM |
| Topical term or geographic name as entry element |
Britons |
| General subdivision |
Folklore |
| Chronological subdivision |
Juvenile literature |
| 9 (RLIN) |
131577 |
| 650 ## - SUBJECT ADDED ENTRY--TOPICAL TERM |
| Topical term or geographic name as entry element |
Scots |
| General subdivision |
Folklore |
| Chronological subdivision |
Juvenile literature |
| 9 (RLIN) |
131578 |
| 650 ## - SUBJECT ADDED ENTRY--TOPICAL TERM |
| Topical term or geographic name as entry element |
Ireland |
| General subdivision |
Folklore |
| Chronological subdivision |
Juvenile literature |
| 9 (RLIN) |
131579 |
| 650 ## - SUBJECT ADDED ENTRY--TOPICAL TERM |
| Topical term or geographic name as entry element |
Wales |
| General subdivision |
Folklore |
| Chronological subdivision |
Juvenile literature |
| 9 (RLIN) |
131580 |
| 650 ## - SUBJECT ADDED ENTRY--TOPICAL TERM |
| Topical term or geographic name as entry element |
Scotland |
| General subdivision |
Folklore |
| Chronological subdivision |
Juvenile literature |
| 9 (RLIN) |
131581 |
| 942 ## - ADDED ENTRY ELEMENTS (KOHA) |
| Source of classification or shelving scheme |
Library of Congress Classification |
| Koha item type |
Books |